Quando, Dove, Come, Perché - Statistics

Statistiche generali
  • Questo quiz è stato fatto 149 volte
  • Il punteggio medio è 4 su 5
Statistiche sulle risposte
Indizio QDCP % Corretto
3 Come: bianca e soffice
98%
2 Dove: nel deserto
98%
1 Quando: quando hai quasi perso le speranze
98%
4 Perché: perché cadde dal cielo per salvare il popolo ebraico
96%
PAROLA Manna
43%
Nessun quiz corrispondente trovato
Distribuzione punteggi
Percentuale di utenti per punteggio
Percentile per numero di risposta
I tuoi punteggi nel tempo
Non hai fatto questo quiz